Bài giảng sản phụ khoa

Sản phụ khoa tập 1 giới thiệu những nét cơ bản của môn phụ sản như sự thụ tinh, hậu sản thường,...Các vấn đề về sẩy thai chửa ngoài tử cung, đẻ non...Sinh lý phụ khoa

Sparad:
Bibliografiska uppgifter
Huvudupphovsman: Dương, Thị Cương
Materialtyp: Bok
Språk:Undetermined
Publicerad: Hà Nội Y học 2007
Ämnen:
Taggar: Lägg till en tagg
Inga taggar, Lägg till första taggen!
Thư viện lưu trữ: Trung tâm Học liệu Trường Đại học Cần Thơ
LEADER 00808nam a2200205Ia 4500
001 CTU_154913
008 210402s9999 xx 000 0 und d
020 |c 48000 
082 |a 618.2 
082 |b C561/T.1 
100 |a Dương, Thị Cương 
245 0 |a Bài giảng sản phụ khoa 
245 0 |c Dương Thị Cương (chủ biên) 
260 |a Hà Nội 
260 |b Y học 
260 |c 2007 
520 |a Sản phụ khoa tập 1 giới thiệu những nét cơ bản của môn phụ sản như sự thụ tinh, hậu sản thường,...Các vấn đề về sẩy thai chửa ngoài tử cung, đẻ non...Sinh lý phụ khoa 
650 |a Obstetrics,Sản khoa 
904 |i Năm 
980 |a Trung tâm Học liệu Trường Đại học Cần Thơ